[Event "DEM U14 2019"]
[Site "Willingen GER"]
[Date "2019.06.09"]
[Round "1"]
[White "Schubert, Nikita"]
[Black "Krastev, Alexander"]
[Result "0-1"]
[Termination "normal"]
[Board "1"]
[BlackTitle "FM"]
[WhiteElo "1806"]
[BlackElo "2344"]
[WhiteClock "00:04:28"]
[BlackClock "00:08:43"]
[PlyCount "164"]
[WhiteFideId "16212339"]
[BlackFideId "12989983"]
[EventCountry "GER"]
[EventRounds "9"]
[EventType "swiss"]
[EventDate "2019.06.08"]

1. d4 {[%clk 1:30:58]} 1... Nf6 {[%clk 1:30:52]} 2. c4 {[%clk 1:31:19]} 2... c5
{[%clk 1:31:02]} 3. Nf3 {[%clk 1:31:42]} 3... cxd4 {[%clk 1:30:14]} 4. Nxd4 {
[%clk 1:32:05]} 4... Nc6 {[%clk 1:30:34]} 5. Nc3 {[%clk 1:32:21]} 5... g6 {
[%clk 1:30:51]} 6. e4 {[%clk 1:32:39]} 6... Bg7 {[%clk 1:31:16]} 7. Be3 { [%clk
1:32:54]} 7... Ng4 {[%clk 1:30:37]} 8. Qxg4 {[%clk 1:11:26]} 8... Nxd4 { [%clk
1:31:02]} 9. Qd1 {[%clk 1:11:35]} 9... Ne6 {[%clk 1:31:26]} 10. Be2 { [%clk
1:10:26]} 10... Bxc3+ {[%clk 1:23:52]} 11. bxc3 {[%clk 1:10:44]} 11... Qa5
{[%clk 1:24:06]} 12. Qd2 {[%clk 1:04:14]} 12... b6 {[%clk 1:23:55]} 13. O-O
{[%clk 1:00:28]} 13... Bb7 {[%clk 1:18:28]} 14. f3 {[%clk 0:58:15]} 14... d6 {
[%clk 1:17:51]} 15. Rab1 {[%clk 0:45:01]} 15... O-O {[%clk 1:04:32]} 16. Rb5 {
[%clk 0:31:00]} 16... Qa4 {[%clk 1:04:42]} 17. Rb4 {[%clk 0:30:12]} 17... Qc6 {
[%clk 1:02:21]} 18. Rfb1 {[%clk 0:30:00]} 18... Nc5 {[%clk 0:45:29]} 19. Qd4 {
[%clk 0:23:27]} 19... Rfc8 {[%clk 0:38:28]} 20. h4 {[%clk 0:20:29]} 20... Qe8 {
[%clk 0:35:57]} 21. Kf2 {[%clk 0:18:13]} 21... e5 {[%clk 0:28:08]} 22. Qxd6 {
[%clk 0:03:03]} 22... Bxe4 {[%clk 0:27:17]} 23. Rh1 {[%clk 0:02:26]} 23... Rc6
{[%clk 0:12:53]} 24. Qd1 {[%clk 0:01:39]} 24... Rd8 {[%clk 0:13:08]} 25. Qc1 {
[%clk 0:01:43]} 25... Bd3 {[%clk 0:08:41]} 26. Rd1 {[%clk 0:01:20]} 26... Bf5 {
[%clk 0:04:10]} 27. Rd5 {[%clk 0:00:55]} 27... Be6 {[%clk 0:03:42]} 28. Rxd8 {
[%clk 0:00:56]} 28... Qxd8 {[%clk 0:04:08]} 29. Rb2 {[%clk 0:00:52]} 29...
Qxh4+ {[%clk 0:02:54]} 30. Kg1 {[%clk 0:00:55]} 30... Qe7 {[%clk 0:03:08]} 31.
Rd2 {[%clk 0:00:56]} 31... f6 {[%clk 0:02:55]} 32. Qd1 {[%clk 0:00:52]} 32...
Rc8 {[%clk 0:01:22]} 33. a4 {[%clk 0:00:49]} 33... Nb7 {[%clk 0:00:49]} 34. Qf1
{[%clk 0:00:46]} 34... Qa3 {[%clk 0:00:51]} 35. Qd1 {[%clk 0:00:44]} 35... Qxc3
{[%clk 0:00:50]} 36. Kf2 {[%clk 0:00:39]} 36... Qb4 {[%clk 0:00:43]} 37. Rd7 {
[%clk 0:00:38]} 37... Bxd7 38. Qxd7 {[%clk 0:01:04]} 38... Rb8 {[%clk 0:00:31]}
39. Qe6+ {[%clk 0:01:07]} 39... Kg7 {[%clk 0:00:53]} 40. Qd7+ {[%clk 0:01:24]}
40... Kh8 {[%clk 0:01:01]} 41. Bh6 {[%clk 0:28:32]} 41... Rg8 {[%clk 0:29:12]}
42. Qxb7 {[%clk 0:26:02]} 42... Qd6 {[%clk 0:22:16]} 43. Qxa7 {[%clk 0:19:37]}
43... g5 {[%clk 0:21:08]} 44. Qf7 {[%clk 0:09:21]} 44... f5 {[%clk 0:20:45]}
45. Qxf5 {[%clk 0:09:37]} 45... Qxh6 {[%clk 0:21:11]} 46. Qxe5+ {[%clk 0:10:01]
} 46... Qg7 {[%clk 0:21:36]} 47. Qd6 {[%clk 0:10:25]} 47... g4 {[%clk 0:17:54]}
48. fxg4 {[%clk 0:08:04]} 48... Qb2 {[%clk 0:14:25]} 49. Qe6 {[%clk 0:04:21]}
49... Qd4+ {[%clk 0:11:01]} 50. Kg3 {[%clk 0:04:17]} 50... Rf8 {[%clk 0:10:54]}
51. Bf3 {[%clk 0:04:22]} 51... Qf4+ {[%clk 0:08:43]} 52. Kf2 {[%clk 0:04:28]}
52... Rf6 53. Qe8+ Kg7 54. Qd7+ Kh6 55. Qe7 Qd4+ 56. Qe3+ Qxe3+ 57. Kxe3 Kg5
58. Kd4 Rf7 59. Kd5 Rc7 60. Kd4 Kf4 61. Kc3 Ke3 62. Kb4 Rc5 63. Bd5 h6 64. Kc3
Ra5 65. Kb3 Kd3 66. Kb4 Kd4 67. Kb3 Kc5 68. Bf3 Ra7 69. Bd5 Re7 70. Kc3 Re3+
71. Kc2 Ra3 72. Kb2 Rxa4 73. Kb3 Ra1 74. Kb2 Rd1 75. Kc3 b5 76. Kc2 Rd4 77. Bf3
Rxc4+ 78. Kb3 b4 79. Be2 Rc3+ 80. Kb2 Kd4 81. Bf3 Ke3 82. Bb7 Kf4 0-1

[Event "DEM U14 2019"]
[Site "Willingen GER"]
[Date "2019.06.09"]
[Round "1"]
[White "Breß, Aaron"]
[Black "Weihrauch, Jakob"]
[Result "0-1"]
[Termination "normal"]
[Board "5"]
[WhiteElo "1849"]
[BlackElo "2158"]
[WhiteClock "00:00:44"]
[BlackClock "00:09:59"]
[PlyCount "132"]
[WhiteFideId "12996432"]
[BlackFideId "16210115"]
[EventCountry "GER"]
[EventRounds "9"]
[EventType "swiss"]
[EventDate "2019.06.08"]

1. e4 {[%clk 1:30:54]} 1... e5 {[%clk 1:30:49]} 2. Nf3 {[%clk 1:31:04]} 2...
Nc6 {[%clk 1:31:13]} 3. Bb5 {[%clk 1:31:00]} 3... a6 {[%clk 1:31:32]} 4. Ba4 {
[%clk 1:31:22]} 4... Nf6 {[%clk 1:31:54]} 5. O-O {[%clk 1:29:48]} 5... b5 {
[%clk 1:32:19]} 6. Bb3 {[%clk 1:30:10]} 6... Bc5 {[%clk 1:32:43]} 7. c3 { [%clk
1:28:25]} 7... d6 {[%clk 1:32:51]} 8. Re1 {[%clk 1:22:51]} 8... O-O { [%clk
1:31:44]} 9. h3 {[%clk 1:19:29]} 9... h6 {[%clk 1:27:08]} 10. d3 { [%clk
1:10:13]} 10... Re8 {[%clk 1:21:34]} 11. Nbd2 {[%clk 1:06:53]} 11... Bb6 {[%clk
1:11:29]} 12. Nf1 {[%clk 1:04:17]} 12... Be6 {[%clk 1:07:07]} 13. Bc2 { [%clk
0:44:48]} 13... d5 {[%clk 1:04:33]} 14. exd5 {[%clk 0:37:38]} 14... Bxd5 {[%clk
0:58:55]} 15. Ng3 {[%clk 0:32:05]} 15... Qd7 {[%clk 0:54:05]} 16. Ne4 { [%clk
0:23:30]} 16... Nh7 {[%clk 0:47:52]} 17. Ng3 {[%clk 0:15:04]} 17... Rad8 {[%clk
0:32:57]} 18. Be3 {[%clk 0:11:48]} 18... Bxe3 {[%clk 0:30:16]} 19. Rxe3 {[%clk
0:11:56]} 19... f5 {[%clk 0:23:03]} 20. Re1 {[%clk 0:11:17]} 20... Qf7 { [%clk
0:21:46]} 21. Nd2 {[%clk 0:02:42]} 21... Ng5 {[%clk 0:16:22]} 22. a4 { [%clk
0:01:14]} 22... Ne6 {[%clk 0:12:24]} 23. Nf3 {[%clk 0:00:49]} 23... Nf4 { [%clk
0:11:50]} 24. d4 {[%clk 0:00:35]} 24... e4 {[%clk 0:11:00]} 25. Nh2 { [%clk
0:00:35]} 25... Qg6 {[%clk 0:06:57]} 26. Qc1 {[%clk 0:00:32]} 26... Ne6 { [%clk
0:06:38]} 27. Nhf1 {[%clk 0:00:33]} 27... Ne7 {[%clk 0:03:10]} 28. Ne2 { [%clk
0:00:39]} 28... Bc4 {[%clk 0:01:13]} 29. Nf4 {[%clk 0:00:32]} 29... Nxf4 {[%clk
0:01:38]} 30. Qxf4 {[%clk 0:00:48]} 30... Nd5 {[%clk 0:02:05]} 31. Qg3 { [%clk
0:00:47]} 31... Qf7 {[%clk 0:02:03]} 32. Qh2 {[%clk 0:00:35]} 32... b4 { [%clk
0:01:14]} 33. Ne3 {[%clk 0:00:32]} 33... Nxe3 {[%clk 0:01:09]} 34. fxe3 { [%clk
0:00:33]} 34... Bd3 {[%clk 0:00:48]} 35. Rac1 {[%clk 0:00:31]} 35... bxc3
{[%clk 0:00:58]} 36. bxc3 {[%clk 0:00:42]} 36... Rb8 {[%clk 0:00:41]} 37. Red1
{[%clk 0:00:34]} 37... Qc4 {[%clk 0:00:39]} 38. Qf4 {[%clk 0:00:34]} 38... Rf8
{[%clk 0:00:35]} 39. Bxd3 {[%clk 0:00:33]} 39... exd3 {[%clk 0:01:00]} 40. Qf1
{[%clk 0:00:40]} 40... Rb2 {[%clk 0:00:39]} 41. Rxd3 {[%clk 0:13:37]} 41... Rf6
{[%clk 0:26:40]} 42. Rdd1 {[%clk 0:12:35]} 42... Qxa4 {[%clk 0:20:58]} 43. Rb1
{[%clk 0:06:17]} 43... Rc2 {[%clk 0:17:59]} 44. Rdc1 {[%clk 0:04:15]} 44... Rg6
{[%clk 0:14:12]} 45. Kh1 {[%clk 0:03:10]} 45... Qa2 {[%clk 0:10:35]} 46. Rxc2 {
[%clk 0:00:59]} 46... Qxc2 {[%clk 0:11:03]} 47. Rc1 {[%clk 0:00:47]} 47... Qd2
{[%clk 0:10:14]} 48. Rd1 {[%clk 0:00:31]} 48... Qc2 {[%clk 0:09:59]} 49. Rc1 {
[%clk 0:00:44]} 49... Qe4 50. Qf2 Re6 51. Ra1 Qd3 52. c4 Qxc4 53. Qxf5 Rxe3 54.
Rf1 Re8 55. d5 Kh8 56. Qf7 Rd8 57. Re1 Qxd5 58. Re8+ Kh7 59. Qe7 Qd1+ 60. Kh2
Qd6+ 61. Kg1 Qd4+ 62. Kh1 Qd1+ 63. Kh2 Qd6+ 64. Kh1 Qxe7 65. Rxe7 Rc8 66. Re5
Ra8 0-1

[Event "DEM U14 2019"]
[Site "Willingen GER"]
[Date "2019.06.09"]
[Round "1"]
[White "Elsner, Robert"]
[Black "Arakelian, Aik"]
[Result "0-1"]
[Termination "normal"]
[Board "9"]
[WhiteElo "1745"]
[BlackElo "1911"]
[WhiteClock "00:03:21"]
[BlackClock "00:34:29"]
[PlyCount "75"]
[WhiteFideId "16246390"]
[BlackFideId "16220340"]
[EventCountry "GER"]
[EventRounds "9"]
[EventType "swiss"]
[EventDate "2019.06.08"]

1. Nf3 {[%clk 1:30:57]} 1... c5 {[%clk 1:30:37]} 2. e4 {[%clk 1:31:23]} 2... e6
{[%clk 1:30:33]} 3. d4 {[%clk 1:31:48]} 3... cxd4 {[%clk 1:30:51]} 4. Nxd4 {
[%clk 1:32:15]} 4... Bc5 {[%clk 1:30:58]} 5. Nb3 {[%clk 1:24:41]} 5... Bb6 {
[%clk 1:31:18]} 6. Nc3 {[%clk 1:24:12]} 6... Ne7 {[%clk 1:28:23]} 7. Bf4 {
[%clk 1:17:54]} 7... O-O {[%clk 1:27:34]} 8. Bd6 {[%clk 1:18:06]} 8... f5 {
[%clk 1:25:57]} 9. exf5 {[%clk 0:52:44]} 9... Nxf5 {[%clk 1:23:03]} 10. Bxf8 {
[%clk 0:50:49]} 10... Qxf8 {[%clk 1:21:49]} 11. Qf3 {[%clk 0:50:23]} 11... Nc6
{[%clk 1:16:24]} 12. g4 {[%clk 0:42:28]} 12... Ne5 {[%clk 1:10:17]} 13. Qe2 {
[%clk 0:41:11]} 13... Nh4 {[%clk 0:52:59]} 14. O-O-O {[%clk 0:32:21]} 14...
Nhf3 {[%clk 0:48:44]} 15. Bg2 {[%clk 0:20:57]} 15... d5 {[%clk 0:44:17]} 16.
Bxf3 {[%clk 0:18:43]} 16... Nxf3 {[%clk 0:42:33]} 17. Kb1 {[%clk 0:17:59]}
17... Bd7 {[%clk 0:41:46]} 18. Rd3 {[%clk 0:14:59]} 18... Nh4 {[%clk 0:41:11]}
19. Rh3 {[%clk 0:14:46]} 19... Ng6 {[%clk 0:41:27]} 20. Rf3 {[%clk 0:14:48]}
20... Qd6 {[%clk 0:40:39]} 21. h3 {[%clk 0:12:58]} 21... Ne5 {[%clk 0:39:17]}
22. Rg3 {[%clk 0:12:55]} 22... Rf8 {[%clk 0:39:46]} 23. Rf1 {[%clk 0:12:00]}
23... Rf4 {[%clk 0:37:25]} 24. f3 {[%clk 0:10:08]} 24... Nc4 {[%clk 0:36:07]}
25. Qd3 {[%clk 0:08:43]} 25... a5 {[%clk 0:31:20]} 26. Ne2 {[%clk 0:06:16]}
26... Bb5 {[%clk 0:31:26]} 27. Nxf4 {[%clk 0:04:58]} 27... Na3+ {[%clk 0:31:47]
} 28. bxa3 {[%clk 0:05:26]} 28... Bxd3 {[%clk 0:32:11]} 29. cxd3 { [%clk
0:05:50]} 29... Qxf4 {[%clk 0:32:37]} 30. Rg2 {[%clk 0:06:08]} 30... a4 { [%clk
0:32:50]} 31. Nc1 {[%clk 0:05:37]} 31... Bc5 {[%clk 0:32:58]} 32. Rb2 { [%clk
0:04:32]} 32... Bxa3 {[%clk 0:33:14]} 33. Rxb7 {[%clk 0:04:42]} 33... Qd2
{[%clk 0:33:27]} 34. f4 {[%clk 0:03:33]} 34... Bb4 {[%clk 0:33:38]} 35. f5 {
[%clk 0:02:30]} 35... a3 {[%clk 0:34:03]} 36. Rxb4 {[%clk 0:02:58]} 36... Qxb4+
{[%clk 0:34:19]} 37. Nb3 {[%clk 0:03:25]} 37... Qc3 {[%clk 0:34:29]} 38. Rf2 {
[%clk 0:03:21]} 0-1

[Event "DEM U14 2019"]
[Site "Willingen GER"]
[Date "2019.06.09"]
[Round "1"]
[White "Wildermuth, Nikolas Karl"]
[Black "von Krosigk, Florian"]
[Result "0-1"]
[Termination "normal"]
[Board "17"]
[WhiteElo "1630"]
[BlackElo "1926"]
[WhiteClock "00:27:44"]
[BlackClock "00:12:01"]
[PlyCount "68"]
[WhiteFideId "16244699"]
[BlackFideId "16227808"]
[EventCountry "GER"]
[EventRounds "9"]
[EventType "swiss"]
[EventDate "2019.06.08"]

1. g3 {[%clk 1:30:57]} 1... Nf6 {[%clk 1:30:12]} 2. Bg2 {[%clk 1:31:18]} 2...
e6 {[%clk 1:29:06]} 3. d3 {[%clk 1:31:42]} 3... d5 {[%clk 1:27:12]} 4. a3 {
[%clk 1:31:55]} 4... c5 {[%clk 1:25:11]} 5. Nd2 {[%clk 1:31:49]} 5... Nc6 {
[%clk 1:19:36]} 6. c4 {[%clk 1:30:55]} 6... Be7 {[%clk 1:18:06]} 7. Ngf3 {
[%clk 1:29:59]} 7... O-O {[%clk 1:18:22]} 8. O-O {[%clk 1:30:22]} 8... Rb8 {
[%clk 1:10:16]} 9. b3 {[%clk 1:29:41]} 9... b5 {[%clk 1:08:04]} 10. cxd5 {
[%clk 1:29:15]} 10... exd5 {[%clk 1:07:53]} 11. Bb2 {[%clk 1:28:23]} 11... d4 {
[%clk 1:03:52]} 12. Rc1 {[%clk 1:26:36]} 12... Bb7 {[%clk 0:57:53]} 13. Ng5 {
[%clk 1:24:53]} 13... Na5 {[%clk 0:56:02]} 14. Bxb7 {[%clk 1:21:41]} 14... Rxb7
{[%clk 0:54:16]} 15. Ngf3 {[%clk 1:20:33]} 15... Qd5 {[%clk 0:50:21]} 16. b4 {
[%clk 1:18:52]} 16... cxb4 {[%clk 0:50:26]} 17. axb4 {[%clk 1:16:57]} 17... Nc6
{[%clk 0:39:24]} 18. Nb3 {[%clk 1:16:08]} 18... Bxb4 {[%clk 0:33:02]} 19. Nbxd4
{[%clk 1:15:20]} 19... Nxd4 {[%clk 0:32:52]} 20. Bxd4 {[%clk 1:14:56]} 20...
Nd7 {[%clk 0:31:14]} 21. Rb1 {[%clk 1:08:59]} 21... a5 {[%clk 0:30:09]} 22. e4
{[%clk 1:08:03]} 22... Qd6 {[%clk 0:28:58]} 23. Qe2 {[%clk 0:58:05]} 23... Ba3
{[%clk 0:25:05]} 24. Bb2 {[%clk 0:50:26]} 24... Bxb2 {[%clk 0:24:40]} 25. Rxb2
{[%clk 0:50:00]} 25... a4 {[%clk 0:19:36]} 26. e5 {[%clk 0:46:36]} 26... Qd5 {
[%clk 0:18:27]} 27. Rb4 {[%clk 0:43:54]} 27... Nc5 {[%clk 0:16:16]} 28. Rd4 {
[%clk 0:40:56]} 28... Qb3 {[%clk 0:15:39]} 29. Rc1 {[%clk 0:38:23]} 29... Ne6 {
[%clk 0:13:18]} 30. Re4 {[%clk 0:35:51]} 30... a3 {[%clk 0:12:34]} 31. Nd2 {
[%clk 0:34:08]} 31... Qb2 {[%clk 0:12:35]} 32. Rb1 {[%clk 0:30:23]} 32... Qc2 {
[%clk 0:11:57]} 33. Reb4 {[%clk 0:28:06]} 33... a2 {[%clk 0:12:06]} 34. Ra1 {
[%clk 0:27:44]} 34... Qc3 {[%clk 0:12:01]} 0-1

[Event "DEM U14 2019"]
[Site "Willingen GER"]
[Date "2019.06.09"]
[Round "1"]
[White "Sinnhöfer, Joshua"]
[Black "Kosev, Momchil"]
[Result "1/2-1/2"]
[Termination "normal"]
[Board "19"]
[WhiteElo "1466"]
[BlackElo "1827"]
[WhiteClock "01:07:22"]
[BlackClock "00:00:34"]
[PlyCount "117"]
[WhiteFideId "16201361"]
[BlackFideId "12975982"]
[EventCountry "GER"]
[EventRounds "9"]
[EventType "swiss"]
[EventDate "2019.06.08"]

1. e4 {[%clk 1:30:58]} 1... c5 {[%clk 1:30:57]} 2. Nf3 {[%clk 1:31:18]} 2... d6
{[%clk 1:31:23]} 3. d4 {[%clk 1:31:35]} 3... cxd4 {[%clk 1:31:44]} 4. Nxd4 {
[%clk 1:31:59]} 4... Nf6 {[%clk 1:32:09]} 5. Nc3 {[%clk 1:32:02]} 5... a6 {
[%clk 1:32:28]} 6. Be2 {[%clk 1:31:48]} 6... e5 {[%clk 1:32:51]} 7. Nf3 { [%clk
1:31:25]} 7... Be7 {[%clk 1:27:09]} 8. Bg5 {[%clk 1:31:46]} 8... Nbd7 { [%clk
1:27:03]} 9. O-O {[%clk 1:31:30]} 9... O-O {[%clk 1:26:43]} 10. Nd2 { [%clk
1:26:34]} 10... b5 {[%clk 1:24:05]} 11. Bxf6 {[%clk 1:26:27]} 11... Nxf6 {[%clk
1:24:28]} 12. a4 {[%clk 1:25:25]} 12... b4 {[%clk 1:24:05]} 13. Nd5 { [%clk
1:25:46]} 13... Nxd5 {[%clk 1:23:28]} 14. exd5 {[%clk 1:26:15]} 14... f5 {[%clk
1:21:27]} 15. a5 {[%clk 1:24:57]} 15... Ra7 {[%clk 1:08:24]} 16. Nc4 { [%clk
1:24:15]} 16... Qc7 {[%clk 1:01:14]} 17. Qd2 {[%clk 1:23:21]} 17... Qc5 { [%clk
0:59:04]} 18. Ra4 {[%clk 1:23:27]} 18... Rc7 {[%clk 0:43:52]} 19. Rxb4 { [%clk
1:23:11]} 19... Bg5 {[%clk 0:44:15]} 20. Qc3 {[%clk 1:22:22]} 20... Qxd5 {[%clk
0:42:13]} 21. Rd1 21... Qa8 {[%clk 0:38:41]} 22. Qb3 {[%clk 1:21:48]} 22... Be6
{[%clk 0:28:41]} 23. Rxd6 {[%clk 1:21:55]} 23... Bd5 {[%clk 0:28:29]} 24. Rbb6
{[%clk 1:20:04]} 24... Kh8 {[%clk 0:26:40]} 25. Rxa6 {[%clk 1:20:16]} 25...
Bxc4 {[%clk 0:27:06]} 26. Bxc4 {[%clk 1:20:06]} 26... Qe4 {[%clk 0:27:33] } 27.
Bd3 {[%clk 1:19:30]} 27... Qe1+ {[%clk 0:26:54]} 28. Bf1 {[%clk 1:19:58]} 28...
e4 {[%clk 0:26:10]} 29. c3 {[%clk 1:14:24]} 29... e3 {[%clk 0:25:55]} 30. Rd1
{[%clk 1:14:49]} 30... Qxf2+ {[%clk 0:26:17]} 31. Kh1 {[%clk 1:15:09]} 31... e2
{[%clk 0:26:44]} 32. Bxe2 {[%clk 1:15:27]} 32... Qxe2 {[%clk 0:27:10]} 33. Re6
{[%clk 1:15:19]} 33... Qf2 {[%clk 0:24:57]} 34. Qb6 {[%clk 1:15:04]} 34... Qxb6
{[%clk 0:19:10]} 35. Rxb6 {[%clk 1:15:06]} 35... h6 {[%clk 0:18:32]} 36. Ra1
{[%clk 1:14:38]} 36... Be3 {[%clk 0:17:32]} 37. Rb5 {[%clk 1:14:24]} 37... f4
{[%clk 0:16:11]} 38. a6 {[%clk 1:13:58]} 38... Ra8 {[%clk 0:16:11]} 39. h4
{[%clk 1:12:30]} 39... Rc6 {[%clk 0:16:02]} 40. Rba5 {[%clk 1:12:46]} 40... g6
{[%clk 0:14:40]} 41. Kh2 {[%clk 1:10:37]} 41... Kg7 {[%clk 0:14:43]} 42. Kh3
{[%clk 1:10:53]} 42... Kf6 {[%clk 0:14:40]} 43. Kg4 {[%clk 1:10:56]} 43... Bb6
{[%clk 0:12:57]} 44. Rb5 {[%clk 1:11:10]} 44... Be3 {[%clk 0:12:49]} 45. Rba5
{[%clk 1:11:13]} 45... Rd6 {[%clk 0:11:30]} 46. g3 {[%clk 1:09:27]} 46... Rd2
{[%clk 0:11:27]} 47. gxf4 {[%clk 1:09:26]} 47... Rxb2 {[%clk 0:11:46] } 48. Kf3
{[%clk 1:08:07]} 48... Ba7 {[%clk 0:11:21]} 49. Rd5 {[%clk 1:08:05]} 49... Rc2
{[%clk 0:10:07]} 50. Rd6+ {[%clk 1:08:18]} 50... Kf7 {[%clk 0:10:11]} 51. Rc6
{[%clk 1:08:42]} 51... Bd4 {[%clk 0:08:42]} 52. Ra3 {[%clk 1:07:17]} 52... Ra7
{[%clk 0:08:20]} 53. Ke4 {[%clk 1:07:22]} 53... Bf6 {[%clk 0:08:42]} 54. Rb3
{[%clk 1:07:34]} 54... Re7+ {[%clk 0:07:56]} 55. Kd3 {[%clk 1:07:47]} 55... Ra2
{[%clk 0:08:07]} 56. Rbb6 {[%clk 1:08:09]} 56... Bxh4 {[%clk 0:06:46] } 57.
Rxg6 {[%clk 1:08:23]} 57... Ra4 {[%clk 0:02:32]} 58. Rxh6 {[%clk 1:08:04] }
58... Bf2 {[%clk 0:00:34]} 59. Rhf6+ {[%clk 1:07:22]} 1/2-1/2